<?xml version="1.0" encoding="UTF-8"?><?xml-stylesheet type="text/xsl" href="static/style.xsl"?><OAI-PMH xmlns="http://www.openarchives.org/OAI/2.0/" xmlns:xsi="http://www.w3.org/2001/XMLSchema-instance" xsi:schemaLocation="http://www.openarchives.org/OAI/2.0/ http://www.openarchives.org/OAI/2.0/OAI-PMH.xsd"><responseDate>2026-06-02T02:15:39Z</responseDate><request verb="GetRecord" identifier="oai:riuma.uma.es:10630/33107" metadataPrefix="marc">https://riuma.uma.es/rest/oai/request</request><GetRecord><record><header><identifier>oai:riuma.uma.es:10630/33107</identifier><datestamp>2026-02-03T11:34:27Z</datestamp><setSpec>com_10630_2254</setSpec><setSpec>col_10630_37953</setSpec></header><metadata><record xmlns="http://www.loc.gov/MARC21/slim" xmlns:dcterms="http://purl.org/dc/terms/" xmlns:doc="http://www.lyncode.com/xoai" xmlns:xsi="http://www.w3.org/2001/XMLSchema-instance" xsi:schemaLocation="http://www.loc.gov/MARC21/slim http://www.loc.gov/standards/marcxml/schema/MARC21slim.xsd">
   <leader>00925njm 22002777a 4500</leader>
   <datafield ind2=" " ind1=" " tag="042">
      <subfield code="a">dc</subfield>
   </datafield>
   <datafield ind2=" " ind1=" " tag="720">
      <subfield code="a">Ruiz-Sanchez, Antonio Jesus</subfield>
      <subfield code="e">author</subfield>
   </datafield>
   <datafield ind2=" " ind1=" " tag="720">
      <subfield code="a">Montañez-Vega, María Isabel</subfield>
      <subfield code="e">author</subfield>
   </datafield>
   <datafield ind2=" " ind1=" " tag="720">
      <subfield code="a">Nájera-Albendín, Francisco</subfield>
      <subfield code="e">author</subfield>
   </datafield>
   <datafield ind2=" " ind1=" " tag="720">
      <subfield code="a">Vida-Pol, Yolanda</subfield>
      <subfield code="e">author</subfield>
   </datafield>
   <datafield ind2=" " ind1=" " tag="720">
      <subfield code="a">Pérez-de-Inestrosa-Villatoro, Ezequiel</subfield>
      <subfield code="e">author</subfield>
   </datafield>
   <datafield ind2=" " ind1=" " tag="260">
      <subfield code="c">2012</subfield>
   </datafield>
   <datafield ind2=" " ind1=" " tag="520">
      <subfield code="a">Complex functional materials consisting of bioactive molecules immobilized on solid supports present potential applications in&#xd;
biosensoring. Advances in the fabrication of these surface materials are of growing interest for antibody-based diagnosis. This work exploits&#xd;
dendrimers as versatile nanostructures for templating sensor surfaces and the critical role of the immobilization protocol in the&#xd;
solid supports cellulose and zeolites, of organic and inorganic composition respectively. The fabrication and characterization, including&#xd;
the degree of functionalization and reproducibility, of different nanostructured materials are described. To validate the approach, the fabricated&#xd;
supports were further used as a solid phase for developing a radioimmunoassay to detect immunoglobulin E (IgE) specific to&#xd;
penicillin, the antibody involved in immediate allergy responses to this drug. The dendrimer-modified supports provide assays with significantly&#xd;
enhanced sensitivity, as well as increase the availability of biomolecules for specific interaction and minimize nonspecific adsorptions&#xd;
through appropriate functionalization protocols in each case. The manufacturing methodology involved the use of a long, flexible&#xd;
hydrophilic spacer in the cellulose materials, and a higher surface density of the immobilized dendrimers in the zeolite crystals. The&#xd;
ability of hybrid zeolite materials in such biosensing applications was evaluated for the first time. The assays were validated in human serum&#xd;
samples from patients allergic to penicillin and from non-allergic controls. The specificity and improved sensitivity of the dendrimer-&#xd;
modified supports make these strategies versatile for different bioactive molecules and could have significant implications for the&#xd;
quantification of a wide range of specific IgE antibodies and other biomolecules of diagnostic interest.</subfield>
   </datafield>
   <datafield ind1="8" ind2=" " tag="024">
      <subfield code="a">https://hdl.handle.net/10630/33107</subfield>
   </datafield>
   <datafield ind1="8" ind2=" " tag="024">
      <subfield code="a">10.2174/0929867311209024942</subfield>
   </datafield>
   <datafield tag="653" ind2=" " ind1=" ">
      <subfield code="a">Biosensores</subfield>
   </datafield>
   <datafield ind2="0" ind1="0" tag="245">
      <subfield code="a">Dendrimer-Modified Solid Supports: Nanostructured Materials with Potential Drug Allergy Diagnostic Applications</subfield>
   </datafield>
</record>
</metadata></record></GetRecord></OAI-PMH>